00492cam a22000977a 4500008004000000082001700040245011500057260011100172300001000283700010100293180718b1961 xxu||||| |||| 00| 0 eng d aI548x54 In2p aIndian publicitycby Directorate of Advertising and Visual Publicity, Ministry of Information and Broadcasting aNew DelhibDirectorate of Adversiting and Visual Publicity, Ministry of Information and Broadcastingc1961 a160+p aIndia. Ministry of Information and Broadcasting. Directorate of Advertising and Visual Publicity